Statistics for Sveriges residensstäder

Click here to take the quiz!

General Stats

  • This quiz has been taken 357 times
  • The average score is 17 of 21

Answer Stats

LänResidensstad% Correct
Gävleborgs länGävle
95%
Västra Götalands länGöteborg
94%
Jönköpings länJönköping
94%
Kalmar länKalmar
93%
Skåne länMalmö
93%
Stockholms länStockholm
91%
Uppsala länUppsala
91%
Dalarnas länFalun
90%
Örebro länÖrebro
90%
Gotlands länVisby
89%
Hallands länHalmstad
84%
Värmlands länKarlstad
83%
Östergötlands länLinköping
81%
Norrbottens länLuleå
81%
Västerbottens länUmeå
78%
Blekinge länKarlskrona
77%
Jämtlands länÖstersund
73%
Västmanlands länVästerås
70%
Kronobergs länVäxjö
67%
Södermanlands länNyköping
54%
Västernorrlands länHarnösand
43%

Score Distribution

Percentile by Number Answered

Percent of People with Each Score

Your Score History

You have not taken this quiz